00865nam a2200229Ia 4500003000900000008004100009020003100050022002200081022002300103040001600126100003000142245003100172260003100203300001000234490002800244700002700272700003100299856010800330942000700438999001700445952017300462IN-BaIIA211028s9999 xx s 000 0 eng d a978-2-7598-1684-2 (Online) a1633-4760 (Print) a1638-1963 (Online) cIIA Library aLebreton, Y., ed. 938247 4aThe Ages of Starsh[eBook] aFrancebEDP Sciencesc2014 a407p. aEAS Publications Series aCharbonnel, C. 938248 aValls-Gabaud, D. 938249 uhttps://www.eas-journal.org/articles/eas/abs/2014/01/contents/contents.htmlyClick Here to Access eBook cEB c20659d20659 00104070aBANbBANd2013-01-01eEDP ScienceshV. 65l0pEB119r2021-11-05uhttps://www.eas-journal.org/articles/eas/abs/2014/01/contents/contents.htmlw2021-11-05yEB